000 00593nas a2200229Ia 4500
001 dp5/23-52799
003 IT-MiCISF
005 20250507133925.0
008 161014c99999999xx |||||||||||| ||und||
040 _aIT-MiCISF
_cIT-MiCISF
041 _ait
100 _aMuraro Giordano
_956660
245 0 _aE adesso? Riflessione di un fedele di Cristo dopo il Sinodo
250 _a"Costruire in due", n. 3
260 _c2014
300 _app. 4-10
500 _apastorale-familiare, sinodo
650 _aPastorale-familiare
654 _aarticolo
942 _cCR
_2ddc
999 _c219948
_d219948
999 _bSi